Millwrights and mechanic guide and book / (Record no. 5965)
[ view plain ]
| 000 -LEADER | |
|---|---|
| fixed length control field | 00474cam a2200181ua 4500 |
| 041 ## - LANGUAGE CODE | |
| Language code of text/sound track or separate title | eng |
| 082 ## - DEWEY DECIMAL CLASSIFICATION NUMBER | |
| Classification number | 028.7162 |
| Item number | NEL/MI |
| 100 ## - MAIN ENTRY--AUTHOR NAME | |
| Personal name | Nelso, Carl A . |
| 245 ## - TITLE STATEMENT | |
| Title | Millwrights and mechanic guide and book / |
| 260 ## - PUBLICATION, DISTRIBUTION, ETC. (IMPRINT) | |
| Place of publication | Mumbai : |
| Name of publisher | D B Taraporevala sons & Co. Pvt. Ltd. , |
| Year of publication | 1977. |
| 300 ## - PHYSICAL DESCRIPTION | |
| Number of Pages | 949 ; . |
| 942 ## - ADDED ENTRY ELEMENTS (KOHA) | |
| Koha item type | Books |
| Withdrawn status | Lost status | Damaged status | Home library | Current library | Date acquired | Full call number | Accession Number | Koha item type |
|---|---|---|---|---|---|---|---|---|
| KAUAET | 07/04/2012 | 028.7162 | 14565 | Books | ||||
| KAUAET | KAUAET | 07/04/2012 | 028.7162 | 14566 | Reference |
